00407nam a2200145Ia 4500008004100000020001800041041000800059082001800067100003900085245004000124250000600164260005100170300001400221650002600235210716s2011 xx 000 0 und d a9788120343757 aeng a658.1599 BEKG aBekaert, Geert; Hodrick, Robert J. aInternational financial management. a1 aNew DelhibPHI Learning private limited.c2011 axxvii,810 aInternational Finance